[Event "World Blitz Women 2022"]
[Site "Almaty KAZ"]
[Date "2022.12.30"]
[Round "10.19"]
[White "Balabayeva, Xeniya"]
[Black "Ushenina, Anna"]
[Result "1-0"]
[WhiteTitle "WIM"]
[BlackTitle "GM"]
[WhiteElo "2183"]
[BlackElo "2454"]
[WhiteFideId "13719688"]
[BlackFideId "14110911"]
[EventDate "2022.12.29"]

1. e4 c6 2. d4 d5 3. Nd2 g6 4. Ngf3 Bg7 5. e5 f6 6. exf6 exf6 7. Be2 Nh6 8. Nf1
O-O 9. Ng3 Re8 10. O-O Nd7 11. c3 Nf8 12. Bd3 Qc7 13. h4 Bd7 14. Be3 Nf7 15. Qd2
Ne6 16. h5 Nd6 17. Ng5 f5 18. Be4 1-0

[Event "World Blitz Women 2022"]
[Site "Almaty KAZ"]
[Date "2022.12.30"]
[Round "10.20"]
[White "Khotenashvili, Bela"]
[Black "Paramzina, Anastasya"]
[Result "1-0"]
[WhiteTitle "GM"]
[BlackTitle "WGM"]
[WhiteElo "2485"]
[BlackElo "2227"]
[WhiteFideId "13602640"]
[BlackFideId "4165012"]
[EventDate "2022.12.29"]

1. d4 Nf6 2. Nc3 d5 3. Bf4 g6 4. e3 Bg7 5. Be2 c5 6. Nb5 Na6 7. Nf3 O-O 8. Ne5
c4 9. O-O Nd7 10. Nf3 Ndb8 11. b3 cxb3 12. axb3 Nc6 13. c4 Bf5 14. Qd2 dxc4 15.
bxc4 e5 16. Bg5 f6 17. Bh4 e4 18. Ne1 g5 19. Bg3 Bg6 20. d5 Ne5 21. Bxe5 fxe5
22. Bg4 Nc5 23. Qb4 Nd3 24. Be6+ Kh8 25. Qd6 a6 26. Qxd8 Raxd8 27. Na3 Nc5 28.
Bg4 Nb3 29. Ra2 Rf7 30. Rb2 Nc5 31. Rb6 Rc7 32. Nec2 Na4 33. Rb4 Nc5 34. h4 gxh4
35. Rfb1 Bf8 36. Rb6 Rb8 37. d6 Rf7 38. Rd1 Rd8 39. d7 Bf5 40. Bxf5 Rxf5 41. Nb4
Rf7 42. Nd5 Rfxd7 43. Rf6 Nd3 44. Nc2 Kg7 45. Rf5 Bd6 46. Ne1 Nc5 47. Rh5 Be7
48. Rxe5 Bf6 49. Rf5 Bb2 50. Rb1 Ba3 51. Nc2 Kg6 52. Rf6+ Kg7 53. Rf4 Nd3 54.
Rg4+ Kf7 55. Nxa3 b5 56. Rxe4 bxc4 57. Nc3 Rc7 58. Rd4 Rdc8 59. Rb6 a5 60. Rxh4
Kg7 61. Rg4+ Kf7 62. Rh6 Nb4 63. Rxh7+ Ke6 64. Rxc7 Rxc7 65. Rxc4 Rd7 66. g4 Rd2
67. Re4+ Kf6 68. Rf4+ Kg6 69. Ne4 Rd3 70. Nb5 a4 71. Nc5 Rd1+ 72. Kg2 Nc2 73.
Rxa4 Ne1+ 74. Kg3 Nc2 75. Ne4 Rg1+ 76. Kf4 Ne1 77. Ra6+ Kg7 78. Kf5 Nd3 79. Ra7+ 1-0

[Event "World Blitz Women 2022"]
[Site "Almaty KAZ"]
[Date "2022.12.30"]
[Round "10.21"]
[White "Munkhzul, Turmunkh"]
[Black "Zatonskih, Anna"]
[Result "1/2-1/2"]
[WhiteTitle "WIM"]
[BlackTitle "IM"]
[WhiteElo "2318"]
[BlackElo "2349"]
[WhiteFideId "4901878"]
[BlackFideId "14101572"]
[EventDate "2022.12.29"]

1. e4 e6 2. d4 d5 3. exd5 exd5 4. Nf3 Nf6 5. Bd3 Bd6 6. Qe2+ Be7 7. O-O O-O 8.
c3 Bg4 9. h3 Bh5 10. Be3 Re8 11. Nbd2 Bd6 12. Qd1 Nbd7 13. Qc2 c6 14. Rfe1 Qc7
15. b4 Re7 16. Bg5 Rae8 17. Rxe7 Rxe7 18. Re1 Rxe1+ 19. Nxe1 Bg6 20. Nb3 Qc8 21.
Bxg6 hxg6 22. Qe2 Ne4 23. Bd2 Ndf6 24. f3 Ng3 1/2-1/2

[Event "World Blitz Women 2022"]
[Site "Almaty KAZ"]
[Date "2022.12.30"]
[Round "10.23"]
[White "Kurmangaliyeva, Liya"]
[Black "Kamalidenova, Meruert"]
[Result "0-1"]
[WhiteTitle "FM"]
[BlackTitle "WIM"]
[WhiteElo "2287"]
[BlackElo "2377"]
[WhiteFideId "13725831"]
[BlackFideId "13712802"]
[EventDate "2022.12.29"]

1. e4 e5 2. Nf3 Nc6 3. d4 exd4 4. Bc4 Nf6 5. O-O d6 6. Nxd4 Be7 7. Nc3 O-O 8. h3
Nxd4 9. Qxd4 Be6 10. Bxe6 fxe6 11. Bg5 e5 12. Qc4+ Kh8 13. Bxf6 Bxf6 14. Rad1
Bg5 15. Nd5 c6 16. Nc3 Qe7 17. a4 Bh4 18. Qe2 h6 19. Rd3 Rf7 20. g3 Bf6 21. Kg2
Qe6 22. Rfd1 Be7 23. Qg4 Qc4 24. b3 Qc5 25. R1d2 Raf8 26. Nd1 Bg5 27. Re2 d5 28.
h4 Bf6 29. Ne3 dxe4 30. Qxe4 Bd8 31. b4 Qe7 32. Nc4 Qxb4 33. Rde3 Bb6 34. Nxe5
Qxe4+ 35. Rxe4 Rxf2+ 36. Kh3 Rxe2 37. Rxe2 Rf1 38. Nd7 g5 39. hxg5 hxg5 40. Kg4
Rg1 41. Re7 Bd4 42. Kh5 Rxg3 43. Kg6 Re3 44. Rh7+ Kg8 45. Rh5 Re6+ 46. Kf5 Rd6
47. Nb8 0-1

[Event "World Blitz Women 2022"]
[Site "Almaty KAZ"]
[Date "2022.12.30"]
[Round "10.24"]
[White "Bivol, Alina"]
[Black "Tokhirjonova, Gulrukhbegim"]
[Result "1/2-1/2"]
[WhiteTitle "IM"]
[BlackTitle "WGM"]
[WhiteElo "2364"]
[BlackElo "2328"]
[WhiteFideId "4100123"]
[BlackFideId "14203626"]
[EventDate "2022.12.29"]

1. e4 e5 2. d4 exd4 3. Qxd4 Nc6 4. Qd3 Nf6 5. Bf4 d6 6. Nc3 Be6 7. Nf3 Be7 8. a3
O-O 9. h3 Nd7 10. Nd5 f5 11. Nxe7+ Qxe7 12. Ng5 Nc5 13. Qg3 Nxe4 14. Nxe4 fxe4
15. O-O-O Qf7 16. Be3 a6 17. h4 d5 18. h5 d4 19. Bxd4 Nxd4 20. Rxd4 Qxf2 21.
Qxf2 Rxf2 22. Rxe4 Bd5 23. Re7 Raf8 24. Bd3 Rxg2 25. Rhe1 c5 26. h6 gxh6 27.
Bxh7+ Kh8 28. Rc7 Rg7 29. Rxc5 Rxh7 30. Rxd5 h5 31. Rh1 h4 32. Rh3 Rf6 33. Kd2
Rfh6 34. Rd4 b5 35. c4 bxc4 36. Rxc4 Rh5 37. b4 R7h6 38. a4 Kh7 39. Ke3 Re6+ 40.
Kf4 Rhh6 41. Kg4 Reg6+ 42. Kf4 Rf6+ 43. Ke3 Re6+ 44. Kf3 Ref6+ 45. Rf4 Kg7 46.
Rxf6 Rxf6+ 47. Ke4 Rb6 48. b5 axb5 49. axb5 Rxb5 50. Kf4 1/2-1/2

[Event "World Blitz Women 2022"]
[Site "Almaty KAZ"]
[Date "2022.12.30"]
[Round "10.25"]
[White "Petrova, Irina"]
[Black "Maltsevskaya, Aleksandra"]
[Result "0-1"]
[WhiteTitle "WIM"]
[BlackTitle "IM"]
[WhiteElo "2123"]
[BlackElo "2400"]
[WhiteFideId "14124122"]
[BlackFideId "24174041"]
[EventDate "2022.12.29"]

1. e4 c5 2. Nf3 e6 3. c4 Nc6 4. Nc3 Qb6 5. g3 Nf6 6. Bg2 Nd4 7. O-O d6 8. d3 Bd7
9. Nxd4 cxd4 10. Ne2 Be7 11. Rb1 a5 12. b3 O-O 13. f4 d5 14. cxd5 exd5 15. e5
Ne4 16. dxe4 d3+ 17. Kh1 dxe2 18. Qxe2 Bb5 19. Qe1 Bxf1 20. Qxf1 dxe4 21. Bxe4
Rac8 22. Bb2 Bc5 23. Qh3 g6 24. Rf1 Qb4 25. Qg2 Bd4 26. Bxd4 Qxd4 27. Bxb7 Rc3
28. Bd5 Rd3 29. Bc4 Rd2 30. Qf3 Qb2 31. h4 Rfd8 32. e6 Rh2+ 33. Kg1 Rdd2 34.
exf7+ Kg7 35. Bd5 Qd4+ 36. Rf2 Rhxf2 0-1

[Event "World Blitz Women 2022"]
[Site "Almaty KAZ"]
[Date "2022.12.30"]
[Round "10.26"]
[White "Charochkina, Daria"]
[Black "Shukhman, Anna"]
[Result "1-0"]
[WhiteTitle "IM"]
[BlackTitle "WFM"]
[WhiteElo "2344"]
[BlackElo "2161"]
[WhiteFideId "4180917"]
[BlackFideId "54180058"]
[EventDate "2022.12.29"]

1. d4 f5 2. Bg5 g6 3. Nc3 Bg7 4. h4 h6 5. Bf4 Nc6 6. d5 Ne5 7. Nf3 Nxf3+ 8. gxf3
e5 9. dxe6 dxe6 10. Qxd8+ Kxd8 11. O-O-O+ Bd7 12. e4 e5 13. Be3 Ne7 14. Rg1 Ke8
15. Nb5 Bxb5 16. Bxb5+ c6 17. Bc4 Bf6 18. h5 g5 19. Rd6 Bg7 20. Rgd1 f4 21. Bc5
b6 22. Ba3 c5 23. b4 Rc8 24. bxc5 bxc5 25. Be6 Rb8 26. Bxc5 Rf8 27. Rd7 Bf6 28.
Rxa7 Rd8 29. Rxd8+ Kxd8 30. Ra8+ 1-0

[Event "World Blitz Women 2022"]
[Site "Almaty KAZ"]
[Date "2022.12.30"]
[Round "10.27"]
[White "Beydullayeva, Govhar"]
[Black "Khamdamova, Afruza"]
[Result "0-1"]
[WhiteTitle "WGM"]
[BlackTitle "WFM"]
[WhiteElo "2387"]
[BlackElo "2139"]
[WhiteFideId "13413015"]
[BlackFideId "14210444"]
[EventDate "2022.12.29"]

1. d4 Nf6 2. c4 e6 3. Nf3 d5 4. Nc3 Be7 5. Bf4 O-O 6. e3 Nbd7 7. cxd5 Nxd5 8.
Nxd5 exd5 9. Bd3 Nf6 10. O-O c6 11. Ne5 Re8 12. h3 Bd6 13. Bh2 Be6 14. f4 c5 15.
f5 Bc8 16. Kh1 c4 17. Bc2 b5 18. g4 Bb7 19. g5 Ne4 20. Bxe4 dxe4 21. f6 g6 22.
Qg4 Bf8 23. Qh4 Bc8 24. Rad1 Qb6 25. Bf4 Be6 26. d5 Bf5 27. d6 Rad8 28. d7 Re6
29. Ng4 Bxg4 30. hxg4 Qc6 31. Kg2 h6 32. gxh6 Kh7 33. g5 Rxd7 34. Qg4 Rxd1 35.
Rxd1 c3 36. bxc3 Qxc3 37. Rd7 Qc2+ 38. Kh3 Kg8 39. h7+ Kh8 40. Rxf7 Re8 41. Rxa7
Qb1 42. Qd7 Qh1+ 43. Kg3 Qg1+ 44. Kh4 Qh1+ 45. Qh3 Qe1+ 46. Qg3 Qh1+ 47. Qh3 0-1

[Event "World Blitz Women 2022"]
[Site "Almaty KAZ"]
[Date "2022.12.30"]
[Round "10.28"]
[White "Eric, Jovana"]
[Black "Savitha, Shri B"]
[Result "0-1"]
[WhiteTitle "WGM"]
[BlackTitle "WIM"]
[WhiteElo "2236"]
[BlackElo "2411"]
[WhiteFideId "938238"]
[BlackFideId "35061887"]
[EventDate "2022.12.29"]

1. e4 c5 2. Nf3 e6 3. d4 cxd4 4. Nxd4 a6 5. Nc3 Qc7 6. Bd3 b5 7. O-O Bb7 8. Qe2
d6 9. Bd2 Nd7 10. Kh1 Ngf6 11. f4 Be7 12. a4 b4 13. Nd1 d5 14. Nf2 dxe4 15. Nxe4
O-O 16. Nxf6+ Nxf6 17. Nf3 a5 18. Ne5 Rad8 19. Rae1 Ba8 20. b3 Qb7 21. f5 exf5
22. Rxf5 Rfe8 23. Qf1 Bd6 24. Nf3 Ne4 25. Bxe4 Rxe4 26. Rxe4 Qxe4 27. Rxf7 Bd5
28. Ng5 Qxc2 29. Rf2 Qxb3 30. Qe2 Qc4 31. Qh5 h6 32. Nh3 Qd4 33. Qe2 b3 34. Be3
Qe5 35. Nf4 b2 36. Rf1 Re8 37. Qd3 Be4 38. Qc4+ Kh8 39. Bd4 Qxf4 40. Rxf4 b1=Q+
41. Rf1 Qd3 42. Bxg7+ Kh7 43. Qf7 Bg6 44. Qf6 Re6 45. Qb2 Qxf1# 0-1

[Event "World Blitz Women 2022"]
[Site "Almaty KAZ"]
[Date "2022.12.30"]
[Round "10.29"]
[White "Yao, Lan"]
[Black "Girya, Olga"]
[Result "0-1"]
[WhiteTitle "WIM"]
[BlackTitle "GM"]
[WhiteElo "2271"]
[BlackElo "2398"]
[WhiteFideId "8610835"]
[BlackFideId "4195752"]
[EventDate "2022.12.29"]

1. e4 e5 2. Nf3 Nc6 3. Bc4 Bc5 4. d3 Nf6 5. c3 d6 6. Bb3 h6 7. Nbd2 a5 8. h3 O-O
9. O-O Be6 10. Re1 Bxb3 11. axb3 Re8 12. Nf1 d5 13. exd5 Qxd5 14. Ne3 Bxe3 15.
Rxe3 e4 16. Ne1 exd3 17. Qxd3 Qxd3 18. Nxd3 Rad8 19. Rxe8+ Nxe8 20. Ne1 Rd1 21.
Kf1 f5 22. Ke2 Rd5 23. Bf4 g5 24. Bd2 Rb5 25. Ra3 Nf6 26. Nc2 Kf7 27. Ne3 Re5
28. Kd1 f4 29. Nc4 Rd5 30. Kc2 b6 31. f3 Ne7 32. Bc1 Nf5 33. b4 axb4 34. cxb4
Nd4+ 35. Kb1 Ne2 36. Ra7 Ne8 37. Kc2 Nd4+ 38. Kb1 Nc6 39. Ra8 Nxb4 40. Bd2 Nc6
41. Bc3 b5 42. Na5 Nxa5 43. Rxa5 Ke6 44. Kc2 Nd6 45. Ra8 Nc4 46. Rh8 Ne3+ 47.
Kb3 Nf5 48. Kb4 c6 49. Rh7 Rd7 50. Rh8 Kd5 51. Rf8 Nd6 52. Rf6 c5+ 53. Ka5 b4
54. Bd2 Ra7+ 55. Kb6 Rb7+ 56. Ka6 Rb8 57. Bc1 c4 58. Rxh6 c3 59. bxc3 bxc3 60.
h4 gxh4 61. Bxf4 Nf5 62. Rh5 Rf8 63. Kb5 Kd4 64. Kb4 Kd3 65. Kb3 c2 66. Rh7 Nd4+
67. Ka2 Rxf4 0-1

[Event "World Blitz Women 2022"]
[Site "Almaty KAZ"]
[Date "2022.12.30"]
[Round "10.30"]
[White "Atalik, Ekaterina"]
[Black "Lhotska, Anna"]
[Result "1-0"]
[WhiteTitle "IM"]
[BlackTitle "WFM"]
[WhiteElo "2403"]
[BlackElo "2159"]
[WhiteFideId "4130189"]
[BlackFideId "376183"]
[EventDate "2022.12.29"]

1. c4 c5 2. Nf3 Nc6 3. g3 g6 4. Bg2 Bg7 5. O-O e5 6. d3 d6 7. Nc3 Nge7 8. Rb1
O-O 9. a3 a5 10. Ne1 Be6 11. Nc2 d5 12. cxd5 Nxd5 13. e4 Nxc3 14. bxc3 Qd7 15.
Be3 Qe7 16. Qe2 Rfd8 17. c4 Rd7 18. f4 Nd4 19. Nxd4 exd4 20. Bd2 Rd6 21. e5 Rd7
22. Rb5 a4 23. Rfb1 Ra7 24. Rb6 Bf5 25. Bd5 Bf8 26. R1b5 Rc7 27. Ra5 Rxa5 28.
Bxa5 Rd7 29. Bd2 Rc7 30. Qf1 Kh8 31. Qb1 Bc8 32. Qd1 Bd7 33. Rxb7 Rxb7 34. Bxb7
Bf5 35. Bd5 Bxd3 36. Qxa4 Bf5 37. Qa8 h5 38. Qb7 Qxb7 39. Bxb7 h4 40. Bd5 Kg8
41. a4 hxg3 42. hxg3 d3 43. a5 Bc8 44. Kf2 Ba6 45. Ke3 Be7 46. Kxd3 1-0

[Event "World Blitz Women 2022"]
[Site "Almaty KAZ"]
[Date "2022.12.30"]
[Round "10.31"]
[White "Enkhtuul, Altan-Ulzii"]
[Black "Mammadova, Gulnar"]
[Result "1-0"]
[WhiteTitle "WGM"]
[BlackTitle "IM"]
[WhiteElo "2285"]
[BlackElo "2376"]
[WhiteFideId "4901444"]
[BlackFideId "13403508"]
[EventDate "2022.12.29"]

1. b3 e5 2. Bb2 Nc6 3. c4 Nf6 4. Nf3 e4 5. Nd4 Bc5 6. Nf5 O-O 7. Ng3 Ng4 8. e3
f5 9. Be2 Nge5 10. O-O d6 11. d4 exd3 12. Bxd3 Qh4 13. Be2 f4 14. exf4 Rxf4 15.
Nd2 Bg4 16. Nde4 Bxe2 17. Qxe2 Bb6 18. c5 dxc5 19. Nd2 c4 20. Nxc4 Nxc4 21. bxc4
Raf8 22. Qe6+ Kh8 23. Kh1 Bxf2 24. Ne2 R4f5 25. Qd7 h6 26. Qxg7# 1-0

[Event "World Blitz Women 2022"]
[Site "Almaty KAZ"]
[Date "2022.12.30"]
[Round "10.32"]
[White "Balakanova, Bakhyt"]
[Black "Balajayeva, Khanim"]
[Result "0-1"]
[WhiteTitle "WFM"]
[BlackTitle "WGM"]
[WhiteElo "2005"]
[BlackElo "2379"]
[WhiteFideId "13705881"]
[BlackFideId "13406396"]
[EventDate "2022.12.29"]

1. e4 e5 2. Nc3 Nc6 3. g3 Bc5 4. Bg2 d6 5. Nge2 h5 6. h4 Nf6 7. d3 Ng4 8. O-O a6
9. Nd5 Be6 10. Bg5 f6 11. Be3 Bxe3 12. Nxe3 Qd7 13. Qd2 O-O-O 14. f4 exf4 15.
Nxf4 Bf7 16. Ned5 g5 17. Ne2 gxh4 18. Nxf6 Nxf6 19. Rxf6 hxg3 20. Raf1 Be6 21.
Nxg3 Rdg8 22. Kh2 Ne5 23. Nf5 Ng4+ 24. Kh1 Nxf6 25. Qb4 Ng4 0-1

[Event "World Blitz Women 2022"]
[Site "Almaty KAZ"]
[Date "2022.12.30"]
[Round "10.33"]
[White "Muminova, Nafisa"]
[Black "Nurgaliyeva, Zarina"]
[Result "0-1"]
[WhiteTitle "WGM"]
[BlackTitle "WFM"]
[WhiteElo "2274"]
[BlackElo "2013"]
[WhiteFideId "14201526"]
[BlackFideId "13730096"]
[EventDate "2022.12.29"]

1. e4 e5 2. Nf3 Nc6 3. Bb5 a6 4. Ba4 Nf6 5. O-O Be7 6. Re1 b5 7. Bb3 d6 8. c3 h6
9. a4 Bd7 10. d3 O-O 11. Nbd2 Re8 12. Nf1 Bf8 13. Ng3 g6 14. h3 Rb8 15. axb5
axb5 16. Be3 Ra8 17. Qd2 h5 18. Bh6 Bg7 19. Qg5 Be6 20. Bxe6 Rxe6 21. Bxg7 Kxg7
22. Nf5+ Kg8 23. Rxa8 Qxa8 24. Qh6 gxf5 25. exf5 Qf8 26. Qxf8+ Kxf8 27. fxe6
fxe6 28. Ra1 Ke7 29. Ra6 Kd7 30. Ra8 b4 31. Rh8 bxc3 32. bxc3 e4 33. Ne1 Ne5 34.
dxe4 Nf7 35. Rf8 Ke7 36. Rc8 Kd7 37. Ra8 Nxe4 38. Ra3 Ne5 39. f3 Nd2 40. Kf2
Ndc4 41. Rb3 Kc6 42. Ke2 Kd5 43. g4 hxg4 44. fxg4 Ng6 45. Nc2 Nf4+ 46. Kd1 Nxh3
47. Rb5+ c5 48. Rb8 Nf2+ 49. Ke2 Nxg4 50. Rg8 Nge5 51. Rg5 Ke4 52. Rh5 d5 53.
Rh4+ Kf5 54. Ne3+ Nxe3 55. Kxe3 Ng4+ 56. Kf3 Ne5+ 57. Ke3 Nc4+ 58. Kd3 e5 59.
Rh5+ Kf6 60. Rh6+ Ke7 61. Rh7+ Kd6 62. Rh6+ Kd7 63. Rh7+ Kc6 64. Rh6+ Kb5 65.
Rh8 e4+ 66. Ke2 Ka4 67. Rb8 Ka3 68. Kd1 d4 69. cxd4 cxd4 70. Kc2 Ne3+ 71. Kd2
Nc4+ 72. Kc2 Nd6 73. Rb6 Nc4 74. Rb8 Nd6 75. Rb6 Nf5 76. Rb5 Ne3+ 77. Kd2 Nc4+
78. Kc2 Ne3+ 79. Kd2 Nc4+ 80. Kc2 Ka4 81. Rb8 Ka5 82. Kb3 Nd2+ 83. Kc2 Nf3 84.
Rd8 Kb5 85. Re8 e3 86. Kd3 Ne1+ 87. Ke2 Nc2 88. Kd3 Nb4+ 89. Kxd4 Nc2+ 90. Kd3
Nb4+ 91. Kxe3 Kc4 92. Rc8+ Kd5 93. Rc7 Nc6 94. Rh7 Ne5 95. Rh5 Ke6 96. Ke4 Nd7
97. Rh6+ Nf6+ 98. Kf4 Ke7 99. Kf5 Nd5 100. Ra6 Nc7 101. Rb6 Nd5 102. Re6+ Kd7
103. Ke5 Nc7 104. Rd6+ Ke7 105. Rb6 Kd7 106. Rd6+ Ke7 107. Rh6 Kd7 108. Kd4 Ne6+
109. Kd5 Nc7+ 110. Ke5 Nb5 111. Rg6 Nc7 112. Rh6 Nb5 113. Rf6 Nc7 114. Rb6 Ke7
115. Rd6 Nb5 116. Re6+ Kd7 117. Kf6 Nc7 118. Ra6 0-1

[Event "World Blitz Women 2022"]
[Site "Almaty KAZ"]
[Date "2022.12.30"]
[Round "10.34"]
[White "Nurmanova, Alua"]
[Black "Garifullina, Leya"]
[Result "1/2-1/2"]
[WhiteTitle "WIM"]
[BlackTitle "IM"]
[WhiteElo "2191"]
[BlackElo "2357"]
[WhiteFideId "13729390"]
[BlackFideId "34127035"]
[EventDate "2022.12.29"]

1. e4 c5 2. Nf3 d6 3. d4 cxd4 4. Nxd4 Nf6 5. Nc3 a6 6. h3 e5 7. Nde2 h5 8. Bg5
Be6 9. Bxf6 Qxf6 10. Nd5 Qd8 11. Nec3 g6 12. Bc4 Bh6 13. Bb3 O-O 14. O-O Nc6 15.
Qd3 Nd4 16. Ne2 Nxb3 17. axb3 f5 18. Rad1 fxe4 19. Qxe4 Bf5 20. Qc4 Kh8 21. c3
b5 22. Qb4 Bc2 23. Ra1 Bd3 24. Rfe1 a5 25. Qa3 Be4 26. c4 b4 27. Qa4 Bxd5 28.
cxd5 Qf6 29. Rf1 Rac8 30. Qb5 Rc2 31. Rxa5 Rxb2 32. Ra7 Rxb3 33. Qd7 Bg7 34. Ra6
Rd8 35. Qc6 h4 36. Qc2 Ra3 37. Rxa3 bxa3 38. Qa4 Qf7 39. Nc3 Qc7 40. Qxa3 Qc4
41. Rb1 Rc8 42. Nd1 Qxd5 43. Ne3 Qe6 44. Qb4 e4 45. Rd1 Rd8 46. Nd5 Qe5 47. Qb6
Rf8 48. Ne3 Qf4 49. Ng4 d5 50. Qxg6 d4 51. Qh5+ Kg8 52. Qd5+ Rf7 53. Qd8+ Bf8
54. Qxd4 Bg7 55. Qd8+ Rf8 56. Qd5+ Rf7 57. Qc4 Kh7 58. Qe6 Rc7 59. Qe8 Rc1 60.
Qh5+ Kg8 61. Qd5+ Kh7 62. Qh5+ Kg8 63. Qd5+ Kh7 64. Qh5+ Kg8 65. Qd5+ Kh7 1/2-1/2

[Event "World Blitz Women 2022"]
[Site "Almaty KAZ"]
[Date "2022.12.30"]
[Round "10.35"]
[White "Mikheeva, Galina"]
[Black "Nakhbayeva, Guliskhan"]
[Result "1-0"]
[WhiteTitle "WFM"]
[BlackTitle "IM"]
[WhiteElo "1969"]
[BlackElo "2326"]
[WhiteFideId "44108320"]
[BlackFideId "13704788"]
[EventDate "2022.12.29"]

1. e4 e6 2. d4 d5 3. exd5 exd5 4. Nf3 Nc6 5. c4 Bb4+ 6. Nc3 Nf6 7. Be2 O-O 8.
O-O h6 9. h3 Re8 10. a3 Bxc3 11. bxc3 Ne4 12. Bb2 Na5 13. cxd5 Qxd5 14. Rc1 b5
15. Re1 Bb7 16. Bf1 Nc4 17. Qb3 a6 18. a4 Bc6 19. axb5 axb5 20. Ra1 Rxa1 21.
Rxa1 Qf5 22. Bc1 g5 23. Ra6 Bd5 24. Qxb5 Nxc3 25. Qxe8+ Kg7 26. Qd8 Bxf3 27.
gxf3 Qxf3 28. Bxc4 Qxh3 29. Qa8 Qg4+ 30. Qg2 Qd1+ 31. Qf1 Qg4+ 32. Qg2 Qd1+ 33.
Kh2 Qxc1 34. Qf3 Qf4+ 35. Qxf4 gxf4 36. Rc6 Ne4 37. Kg2 f3+ 38. Kxf3 Nd2+ 39.
Ke2 Ne4 40. Rxc7 Nc3+ 41. Kd3 Na4 42. Rxf7+ Kg6 43. Ra7 Nb2+ 44. Kc3 Nd1+ 45.
Kd2 Nxf2 46. d5 h5 47. Bd3+ Kf6 48. Rh7 h4 49. Rxh4 Nxd3 50. Kxd3 Ke5 51. Rh5+
Kd6 52. Kd4 Kd7 53. Rh6 Ke7 54. Ke5 Kd7 55. Rh7+ Kd8 56. Ke6 Kc8 57. d6 Kb8 58.
d7 Kc7 59. Rh8 Kc6 60. d8=Q Kc5 61. Qd7 Kc4 62. Rc8+ 1-0

[Event "World Blitz Women 2022"]
[Site "Almaty KAZ"]
[Date "2022.12.30"]
[Round "10.36"]
[White "Bayasgalan, Khishigbaatar"]
[Black "Kovanova, Baira"]
[Result "0-1"]
[WhiteTitle "WCM"]
[BlackTitle "WGM"]
[WhiteElo "1811"]
[BlackElo "2317"]
[WhiteFideId "4904311"]
[BlackFideId "4164083"]
[EventDate "2022.12.29"]

1. e4 e5 2. Nf3 Nc6 3. d4 exd4 4. c3 d5 5. exd5 Qxd5 6. Nxd4 Bd7 7. Qf3 Qxf3 8.
Nxf3 O-O-O 9. Be3 Nf6 10. Bc4 Be8 11. O-O h6 12. h3 a6 13. a4 Ne4 14. Nbd2 Nd6
15. Ba2 Nf5 16. Nc4 Nxe3 17. Nxe3 Bc5 18. Nd5 Bd7 19. b4 Bd6 20. Ne3 Ne5 21.
Nxe5 Bxe5 22. Rac1 Bxa4 23. Bxf7 Rhf8 24. Be6+ Kb8 25. Rfe1 Rd3 26. Ng4 Bxc3 27.
Bc4 Bxe1 28. Bxd3 Bxb4 29. Ne5 Bd6 30. Ng6 Rf6 31. g4 b5 32. Be4 b4 33. Ra1 Bb5
34. Rc1 b3 35. Rb1 Bc4 36. Nh4 a5 37. Bd3 Bd5 38. Bb5 Bc5 39. Rb2 Bd4 40. Rd2 b2
41. Bd3 Bc3 42. Re2 Ba2 43. Re8+ Ka7 44. Re2 b1=Q+ 45. Bxb1 Bxb1 46. Re7 Kb6 47.
Ng2 Bd4 48. Re2 a4 49. Ne1 a3 50. Nc2 Bxc2 51. Rxc2 Rxf2 52. Rxf2 Bxf2+ 0-1

[Event "World Blitz Women 2022"]
[Site "Almaty KAZ"]
[Date "2022.12.30"]
[Round "10.37"]
[White "Mkrtchyan, Mariam"]
[Black "Nomindalai, Tumurbaatar"]
[Result "1-0"]
[WhiteTitle "WIM"]
[BlackTitle "CM"]
[WhiteElo "2364"]
[BlackElo "2132"]
[WhiteFideId "13310828"]
[BlackFideId "4904095"]
[EventDate "2022.12.29"]

1. Nf3 c5 2. c4 g6 3. g3 Bg7 4. Bg2 Nc6 5. O-O d6 6. Nc3 e5 7. d3 Nge7 8. a3 a5
9. Ne1 Be6 10. Nc2 d5 11. cxd5 Nxd5 12. Ne3 Nce7 13. Qa4+ Bd7 14. Qb3 Nxc3 15.
bxc3 Rb8 16. a4 O-O 17. Nc4 Bc6 18. Bxc6 Nxc6 19. Be3 b6 20. Rab1 Qc7 21. Nxb6
Ne7 22. Qb5 Rfc8 23. Qxa5 Nd5 24. Nc4 Qxa5 25. Nxa5 Nxc3 26. Rxb8 Rxb8 27. Re1
Nxa4 28. Nc4 f5 29. Kg2 h6 30. h4 Kh7 31. Ra1 Nc3 32. Re1 Rb5 33. Kf1 Bf6 34.
Ra1 Rb7 35. Rc1 Na4 36. Kg2 g5 37. Nd6 Rb2 38. hxg5 hxg5 39. Nxf5 Rxe2 40. Bxc5
Nxc5 41. Rxc5 1-0

[Event "World Blitz Women 2022"]
[Site "Almaty KAZ"]
[Date "2022.12.30"]
[Round "10.38"]
[White "Gaboyan, Susanna"]
[Black "Hajiyeva, Laman"]
[Result "0-1"]
[WhiteTitle "WIM"]
[BlackTitle "WFM"]
[WhiteElo "2200"]
[BlackElo "2135"]
[WhiteFideId "13303627"]
[BlackFideId "13415875"]
[EventDate "2022.12.29"]

1. g3 Nf6 2. Bg2 d5 3. Nf3 g6 4. O-O Bg7 5. c4 c6 6. cxd5 cxd5 7. d3 O-O 8. Nc3
Nc6 9. e4 d4 10. Ne2 e5 11. Ne1 Nd7 12. f4 Nc5 13. Nf3 f5 14. fxe5 fxe4 15. dxe4
d3 16. Nf4 Nxe5 17. Be3 Qd6 18. Rc1 Nxe4 19. Nxe5 Qxe5 20. Qxd3 Bf5 21. Qb3+ Kh8
22. Rfe1 Rfe8 23. Qxb7 Rab8 24. Qxa7 Re7 25. Qa3 Rd7 26. Rcd1 Rdb7 27. Bd4 Qe8
28. Bxg7+ Kxg7 29. Bxe4 Bxe4 30. Qe3 Re7 31. Qd4+ Kh6 32. Nd5 Bxd5 33. Rxe7 Qxe7
34. Qf4+ Kg7 35. Rxd5 Qe1+ 36. Qf1 Qe3+ 37. Qf2 Qc1+ 38. Qf1 Qe3+ 39. Kg2 Rxb2+
40. Kh3 Qe6+ 41. Kh4 Rxh2+ 42. Kg5 Rh5+ 0-1

[Event "World Blitz Women 2022"]
[Site "Almaty KAZ"]
[Date "2022.12.30"]
[Round "10.39"]
[White "Serikbay, Assel"]
[Black "Kaldarova, Ayaulym"]
[Result "1-0"]
[WhiteTitle "WIM"]
[WhiteElo "2230"]
[BlackElo "1832"]
[WhiteFideId "13706799"]
[BlackFideId "13720503"]
[EventDate "2022.12.29"]

1. d4 d5 2. Nf3 Nf6 3. c4 e6 4. Nc3 a6 5. cxd5 exd5 6. Bg5 Be6 7. e3 c6 8. Bd3
Bd6 9. O-O O-O 10. Ne5 h6 11. Bh4 c5 12. f4 cxd4 13. exd4 Be7 14. f5 Bd7 15.
Bxf6 Bxf6 16. Nxd5 Bc6 17. Nxf6+ Qxf6 18. Rc1 Rd8 19. Qg4 Bd5 20. Be4 Nc6 21.
Bxd5 Rxd5 22. Nxc6 bxc6 23. Rf4 Rad8 24. Rc4 h5 25. Qf3 Rxd4 26. Rfxd4 Rxd4 27.
Rxc6 Qd8 1-0

[Event "World Blitz Women 2022"]
[Site "Almaty KAZ"]
[Date "2022.12.30"]
[Round "10.40"]
[White "Machlik, Monika"]
[Black "Lu, Miaoyi"]
[Result "0-1"]
[WhiteElo "2114"]
[BlackElo "2399"]
[WhiteFideId "1513621"]
[BlackFideId "8618020"]
[EventDate "2022.12.29"]

1. d4 d5 2. c4 e6 3. Nc3 a6 4. cxd5 exd5 5. Nf3 Nf6 6. Bg5 Be6 7. e3 Nbd7 8. Bd3
h6 9. Bh4 Be7 10. O-O O-O 11. Qc2 Re8 12. Rab1 c6 13. b4 Nb6 14. a4 Nc4 15. Bxc4
dxc4 16. Ne5 Nd5 17. Bxe7 Qxe7 18. Qb2 Nb6 19. a5 Nd7 20. Nf3 Bf5 21. Rbc1 Qf6
22. Na4 Bd3 23. Rfe1 Re4 24. Nd2 Rg4 25. f3 Rg6 26. Kh1 Qe6 27. Qc3 Qd5 28. Nxc4
Qg5 29. Qd2 Bxc4 30. Rxc4 Qb5 31. Nb2 Rd8 32. Rc2 Qd5 33. e4 Qd6 34. Qe3 Nf8 35.
Rc4 Ne6 36. Rd1 Nf4 37. Rd2 Qf6 38. Na4 Qg5 39. Qf2 Ne6 40. Nc5 Nc7 41. Nxb7 Qb5
42. Nd6 Rgxd6 43. Rd1 0-1